I wanna be your girlfriend - Girl in red (all lyrics) - Statistics

General Stats
  • This quiz has been taken 447 times
  • The average score is 232 of 278
Answer Stats
Answer % Correct
I
100%
you
100%
wanna
99%
your
99%
be
98%
don't
98%
dont
98%
friend
97%
kiss
96%
Oh
96%
oh
96%
lips
95%
a
94%
my
93%
My
93%
Hannah
90%
look
88%
me
86%
until
86%
breath
85%
close
85%
lose
85%
Lose
85%
the
85%
The
85%
feel
83%
just
83%
Like
83%
like
83%
and
82%
And
82%
at
82%
away
82%
this
82%
with
81%
same
79%
bones
78%
not
77%
bitch
76%
but
76%
come
76%
in
75%
lie
75%
touch
73%
real
72%
between
71%
blue
71%
can't
71%
eyes
71%
dream
70%
thighs
68%
i'm
67%
It's
67%
tell
67%
all
65%
nice
65%
skies
65%
something
65%
cold
64%
flowers
64%
are
63%
will
60%
follow
59%
hands
59%
home
59%
Although
54%
ooh
41%
Ooh
41%
yountilu
0%
No matching quizzes found
Score Distribution
Percent of People with Each Score
Percentile by Number Answered
Your Score History
You have not taken this quiz